Introducción al análisis lineal

Kaydedildi:
Detaylı Bibliyografya
Asıl Yazarlar: Kreider, Donald L (Yazar), Kuller, Robert Garlin (Yazar), Ostberg, Donald R (Yazar), Perkins, Freed W (Yazar)
Materyal Türü: Kitap
Dil:İspanyolca
Baskı/Yayın Bilgisi: Bogotá Fondo Educativo Interamericano 1971
Konular:
Etiketler: Etiketle
Etiket eklenmemiş, İlk siz ekleyin!

MARC

LEADER 00000cam a2200000 a 4500
001 UCW0728
003 CL-VaPUC
008 890412e19710000CK |||||||||||||||||spa|d
082 0 4 |a 515  |b KRE  |2 21 
100 |a Kreider, Donald L  |e author  |9 423183 
700 0 |a Kuller, Robert Garlin  |e author  |9 304641 
700 0 |a Ostberg, Donald R  |e author  |9 304642 
700 0 |a Perkins, Freed W  |e author  |9 304643 
245 1 0 |a Introducción al análisis lineal 
300 |a 2 v 
942 |c BK 
945 |d 19890412 00:00:00  |a mfernand 
260 |a Bogotá  |b Fondo Educativo Interamericano  |c 1971 
650 0 |a Análisis matemático   |9 260146 
583 |a last modification  |c 20140410 11:49:07  |k Rodrigo Vera 
999 |c 215790  |d 215788 
952 |0 0  |1 0  |2 ddc  |4 0  |6 515_000000000000000_KRE_1971  |7 0  |8 CCM  |9 200777  |a BIBCUR  |b BIBCUR  |c PAC  |d 2019-11-14  |h v.1  |i 3042650  |o 515 KRE 1971  |p 3042650  |r 2025-04-22  |w 2019-11-14  |y BK  |k CIM 
952 |0 0  |1 0  |2 ddc  |4 0  |6 515_000000000000000_KRE_1971  |7 0  |8 CCM  |9 200779  |a BIBCUR  |b BIBCUR  |c PAC  |d 2019-11-14  |h v.2  |i 3055477  |o 515 KRE 1971  |p 3055477  |r 2025-04-22  |w 2019-11-14  |y BK  |k CIM 
952 |0 0  |1 0  |4 0  |6 515_000000000000000_KRE_1971  |7 0  |8 A  |9 200780  |a BIBCUR  |b BIBCUR  |d 2019-11-14  |h v.2  |i 3193543  |l 1  |o 515 KRE 1971  |p 3193543  |r 2025-04-22  |s 2024-09-16  |w 2019-11-14  |y BK  |k BCB 
952 |0 0  |1 0  |4 0  |6 515_000000000000000_KRE_1971  |7 0  |8 A  |9 200782  |a BIBING  |b BIBING  |d 2019-11-14  |h v.1  |i 1644475  |o 515 KRE 1971  |p 1644475  |r 2023-03-02  |w 2019-11-14  |y BK  |k CCL 
952 |0 0  |1 0  |4 0  |6 515_000000000000000_KRE_1971  |7 0  |8 A  |9 200783  |a BIBING  |b BIBING  |d 2019-11-14  |h v.2  |i 1645218  |o 515 KRE 1971  |p 1645218  |r 2025-01-20  |w 2019-11-14  |y BK  |k ING 
952 |0 0  |1 0  |4 0  |6 515_000000000000000_KRE_1971  |7 0  |8 A  |9 200784  |a BIBING  |b BIBING  |d 2019-11-14  |h v.2  |i 1645269  |o 515 KRE 1971  |p 1645269  |r 2025-01-20  |w 2019-11-14  |y BK  |k ING 
952 |0 0  |1 0  |4 0  |6 515_000000000000000_KRE_1971  |7 0  |8 A  |9 200785  |a BIBING  |b BIBING  |d 2019-11-14  |h v.2  |i 1645161  |o 515 KRE 1971  |p 1645161  |r 2025-01-20  |w 2019-11-14  |y BK  |k ING 
952 |0 0  |1 0  |4 0  |6 515_000000000000000_KRE_1971  |7 0  |8 A  |9 200787  |a BIBING  |b BIBING  |d 2019-11-14  |h v.1  |i 1645110  |o 515 KRE 1971  |p 1645110  |r 2025-01-20  |w 2019-11-14  |y BK  |k ING 
952 |0 0  |1 0  |2 ddc  |4 0  |6 515_000000000000000_KRE_1971  |7 0  |8 A  |9 200788  |a BIBING  |b BIBING  |d 2019-11-14  |h v.2  |i 1644084  |l 1  |o 515 KRE 1971  |p 1644084  |r 2025-01-20  |s 2020-07-29  |w 2019-11-14  |y BK  |k EIE 
952 |0 0  |1 0  |4 0  |6 515_000000000000000_KRE_1971  |7 0  |8 A  |9 200789  |a BIBING  |b BIBING  |d 2019-11-14  |h v.2  |i 1644424  |o 515 KRE 1971  |p 1644424  |r 2025-01-20  |w 2019-11-14  |y BK  |k ING 
952 |0 0  |1 0  |4 0  |6 515_000000000000000_KRE_1971  |7 0  |8 A  |9 200790  |a BIBCUR  |b BIBCUR  |d 2019-11-14  |h v.1  |i 3195821  |l 1  |o 515 KRE 1971  |p 3195821  |r 2025-04-22  |s 2024-08-23  |w 2019-11-14  |y BK  |k BCB 
952 |0 0  |1 0  |4 0  |6 515_000000000000000_KRE_1971  |7 0  |8 A  |9 200791  |a BIBING  |b BIBING  |d 2019-11-14  |h v.1  |i 1654586  |o 515 KRE 1971  |p 1654586  |r 2025-01-20  |w 2019-11-14  |y BK  |k ING 
952 |0 0  |1 0  |4 0  |6 515_000000000000000_KRE_1971  |7 0  |8 A  |9 200792  |a BIBING  |b BIBING  |d 2019-11-14  |h v.2  |i 165876K  |o 515 KRE 1971  |p 165876K  |r 2025-01-20  |w 2019-11-14  |y BK  |k ING 
952 |0 0  |1 0  |4 0  |6 515_000000000000000_KRE_1971  |7 0  |8 A  |9 200793  |a BIBCUR  |b BIBCUR  |d 2019-11-14  |h v.2  |i 1783769  |o 515 KRE 1971  |p 1783769  |r 2025-04-22  |w 2019-11-14  |y BK  |k BCB 
952 |0 0  |1 0  |4 0  |6 515_000000000000000_KRE_1971  |7 0  |8 A  |9 200794  |a BIBCUR  |b BIBCUR  |d 2019-11-14  |h v.1  |i 1783777  |o 515 KRE 1971  |p 1783777  |r 2025-04-22  |w 2019-11-14  |y BK  |k BCB 
952 |0 0  |1 0  |4 0  |6 515_000000000000000_KRE_1971  |7 0  |8 A  |9 200795  |a BIBCUR  |b BIBCUR  |d 2019-11-14  |h v.1  |i 178384K  |o 515 KRE 1971  |p 178384K  |r 2025-04-22  |w 2019-11-14  |y BK  |k BCB 
952 |0 0  |1 0  |4 0  |6 515_000000000000000_KRE_1971  |7 0  |8 A  |9 200796  |a BIBCUR  |b BIBCUR  |d 2019-11-14  |h v.1  |i 1783858  |o 515 KRE 1971  |p 1783858  |r 2025-04-22  |w 2019-11-14  |y BK  |k BCB 
952 |0 0  |1 0  |4 0  |6 515_000000000000000_KRE_1971  |7 0  |8 A  |9 200797  |a BIBCUR  |b BIBCUR  |d 2019-11-14  |h v.2  |i 1783866  |o 515 KRE 1971  |p 1783866  |r 2025-04-22  |w 2019-11-14  |y BK  |k BCB 
952 |0 0  |1 0  |4 0  |6 515_000000000000000_KRE_1971  |7 0  |8 A  |9 200800  |a BIBALI  |b BIBALI  |c GEN  |d 2019-11-14  |h v.1  |i 1964917  |o 515 KRE 1971  |p 1964917  |r 2025-01-20  |w 2019-11-14  |y BK  |k ALI 
952 |0 0  |1 0  |4 0  |6 515_000000000000000_KRE_1971  |7 0  |8 A  |9 200801  |a BIBALI  |b BIBALI  |c GEN  |d 2019-11-14  |h v.2  |i 1964925  |o 515 KRE 1971  |p 1964925  |r 2025-01-20  |w 2019-11-14  |y BK  |k ALI 
952 |0 0  |1 0  |4 0  |6 515_000000000000000_KRE_1971  |7 0  |8 A  |9 200802  |a BIBALI  |b BIBALI  |c GEN  |d 2019-11-14  |h v.2  |i 1964933  |o 515 KRE 1971  |p 1964933  |r 2025-01-20  |w 2019-11-14  |y BK  |k ALI 
952 |0 0  |1 0  |4 0  |6 515_000000000000000_KRE_1971  |7 0  |8 A  |9 200803  |a BIBMAT  |b BIBMAT  |d 2019-11-14  |h v.1  |i 1870599  |o 515 KRE 1971  |p 1870599  |r 2025-01-07  |w 2019-11-14  |y BK  |k MAT 
952 |0 0  |1 0  |4 0  |6 515_000000000000000_KRE_1971  |7 0  |8 A  |9 200804  |a BIBMAT  |b BIBMAT  |d 2019-11-14  |h v.2  |i 1870254  |o 515 KRE 1971  |p 1870254  |r 2025-01-07  |w 2019-11-14  |y BK  |k MAT 
952 |0 0  |1 0  |4 0  |6 515_000000000000000_KRE_1971  |7 0  |8 A  |9 200805  |a BIBMAT  |b BIBMAT  |d 2019-11-14  |h v.1  |i 1303368  |o 515 KRE 1971  |p 1303368  |r 2025-01-07  |w 2019-11-14  |y BK  |k MAT 
952 |0 0  |1 0  |4 0  |6 515_000000000000000_KRE_1971  |7 0  |8 A  |9 200806  |a BIBMAT  |b BIBMAT  |d 2019-11-14  |h v.1  |i 1303317  |o 515 KRE 1971  |p 1303317  |r 2025-01-07  |w 2019-11-14  |y BK  |k MAT 
952 |0 0  |1 0  |4 0  |6 515_000000000000000_KRE_1971  |7 0  |8 A  |9 200807  |a BIBMAT  |b BIBMAT  |d 2019-11-14  |h v.1  |i 1303325  |o 515 KRE 1971  |p 1303325  |r 2025-01-07  |w 2019-11-14  |y BK  |k MAT 
952 |0 0  |1 0  |4 0  |6 515_000000000000000_KRE_1971  |7 0  |8 A  |9 200808  |a BIBMAT  |b BIBMAT  |d 2019-11-14  |h v.2  |i 1303376  |o 515 KRE 1971  |p 1303376  |r 2025-01-07  |w 2019-11-14  |y BK  |k MAT 
952 |0 0  |1 0  |4 0  |6 515_000000000000000_KRE_1971  |7 0  |8 A  |9 200809  |a BIBMAT  |b BIBMAT  |d 2019-11-14  |h v.2  |i 1309374  |o 515 KRE 1971  |p 1309374  |r 2025-01-07  |w 2019-11-14  |y BK  |k MAT 
952 |0 0  |1 0  |4 0  |6 515_000000000000000_KRE_1971  |7 0  |8 A  |9 200817  |a BIBMEC  |b BIBMEC  |d 2019-11-14  |h v.1  |i 4667182  |o 515 KRE 1971  |p 4667182  |r 2024-01-19  |w 2019-11-14  |y BK  |k MEC 
952 |0 0  |1 0  |4 0  |6 515_000000000000000_KRE_1971  |7 0  |8 A  |9 200818  |a BIBMEC  |b BIBMEC  |d 2019-11-14  |h v.2  |i 4667190  |l 1  |o 515 KRE 1971  |p 4667190  |r 2024-01-19  |s 2022-03-22  |w 2019-11-14  |y BK  |k MEC